[Event "LAT-ch"]
[Site "Riga"]
[Date "2023.04.30"]
[Round "2"]
[White "Ungurs, Edgars"]
[Black "Skuja, Aivars"]
[Result "0-1"]
[WhiteElo "2168"]
[BlackElo "1998"]
[PlyCount "78"]
[EventDate "2023.04.29"]
[EventType "swiss"]
[EventRounds "9"]
[EventCountry "LAT"]
[SourceTitle "EXT 2024"]
[Source "ChessBase"]
[SourceDate "2023.10.10"]
[SourceVersion "1"]
[SourceVersionDate "2023.10.10"]
[SourceQuality "1"]

1. e4 e5 2. Nf3 Nc6 3. Bb5 a6 4. Ba4 Nf6 5. 0-0 Be7 6. d3 b5 7. Bb3 d6 8. a4 Bb7 9. Re1 Na5 10. Ba2 c5 11. Bg5 Nc6 12. Nc3 b4 13. Bxf6 Bxf6 14. Nd5 0-0 15. Nd2 g6 16. Nc4 Bg7 17. c3 a5 18. Qf3 Kh8 19. Nce3 Bc8 20. Bc4 Be6 21. g3 Ra7 22. Bb5 Ne7 23. Nf6 Ng8 24. Nxg8 Kxg8 25. Bc4 Qc8 26. Bd5 Bh6 27. Nc4 Bxd5 28. Nb6 Qd8 29. Nxd5 f5 30. exf5 gxf5 31. d4 cxd4 32. cxd4 e4 33. Qb3 Kh8 34. f4 Bg7 35. Qc4 Qc8 36. Rac1 Qe8 37. b3 Qh5 38. Rcd1 Raa8 39. Qc6 Rac8 0-1

[Event "Olympiad-44"]
[Site "Chennai"]
[Date "2022.08.01"]
[Round "4.4"]
[White "Ungurs, Edgars"]
[Black "Haubro, Martin"]
[Result "1-0"]
[WhiteElo "2206"]
[BlackElo "2411"]
[PlyCount "117"]
[EventDate "2022.07.29"]
[EventType "team-swiss"]
[EventRounds "11"]
[EventCountry "IND"]
[SourceTitle "CBM 210"]
[Source "ChessBase"]
[SourceDate "2022.10.31"]
[SourceVersion "1"]
[SourceVersionDate "2022.10.31"]
[SourceQuality "1"]
[WhiteTeam "Latvia"]
[BlackTeam "Denmark"]
[WhiteTeamCountry "LAT"]
[BlackTeamCountry "DEN"]

1. e4 e5 2. Nf3 Nc6 3. Bb5 a6 4. Ba4 Nf6 5. 0-0 Be7 6. d3 b5 7. Bb3 d6 8. a4 Bd7 9. Bd2 0-0 10. axb5 axb5 11. Nc3 Na5 12. Nd5 Nxd5 13. Bxd5 c6 14. Ba2 Nb7 15. b4 Kh8 16. Qe2 f5 17. h3 Qe8 18. Bb3 Qg6 19. Rxa8 Rxa8 20. Kh1 Nd8 21. Re1 fxe4 22. dxe4 Ne6 23. Qd3 Qe8 24. Be3 h6 25. Rd1 Nf8 26. Ng1 Be6 27. Ne2 Qf7 28. Bxe6 Qxe6 29. Ng3 Bf6 30. Bb6 Bd8 31. Bxd8 Rxd8 32. Ra1 Ng6 33. Ra7 Rd7 34. Ra6 Ne7 35. Nf5 Qf6 36. Nxe7 Rxe7 37. f3 Rc7 38. Ra8+ Kh7 39. Qb3 Qf4 40. Qg8+ Kg6 41. Qe6+ Qf6 42. Re8 h5 43. Qb3 Re7 44. Rc8 Ra7 45. Qc3 Qf4 46. Rxc6 Qc1+ 47. Kh2 Qf4+ 48. Kg1 Qc1+ 49. Kf2 Ra1 50. Rxd6+ Kh7 51. Qd2 Qg1+ 52. Kg3 Rf1 53. h4 Qa7 54. Re6 Qa1 55. c3 Rh1 56. Rxe5 Qg1 57. Rxh5+ Kg6 58. Qg5+ Kf7 59. Qd5+ 1-0

[Event "LAT-ch"]
[Site "Riga"]
[Date "2022.04.28"]
[Round "2"]
[White "Ungurs, Edgars"]
[Black "Starostits, Ilmars"]
[Result "0-1"]
[WhiteElo "2175"]
[BlackElo "2427"]
[PlyCount "68"]
[EventDate "2022.04.27"]
[EventType "swiss"]
[EventRounds "9"]
[EventCountry "LAT"]
[SourceTitle "CBM 208 Extra"]
[Source "ChessBase"]
[SourceDate "2022.07.31"]
[SourceVersion "1"]
[SourceVersionDate "2022.07.31"]
[SourceQuality "1"]

1. e4 c6 2. d4 d5 3. Nd2 dxe4 4. Nxe4 Bf5 5. Ng3 Bg6 6. h4 h6 7. Nf3 Nd7 8. h5 Bh7 9. Bd3 Bxd3 10. Qxd3 e6 11. Bd2 Bd6 12. Ne4 Bc7 13. 0-0-0 Ngf6 14. c4 Nxe4 15. Qxe4 Nf6 16. Qe2 b5 17. Kb1 bxc4 18. Qxc4 0-0 19. Qxc6 Rb8 20. Ka1 Ba5 21. Bf4 Rb6 22. Qc4 Nd5 23. Bd2 Bb4 24. a3 Bxd2 25. Rxd2 Qb8 26. Rc2 Qb7 27. Ne5 Rb8 28. Nd3 Nf4 29. Nxf4 Rxb2 30. Rcc1 Rb3 31. Qc5 Qe4 32. Rc2 Qxf4 33. Rd1 Qe4 34. f3 Rxa3+ 0-1

[Event "LAT-ch"]
[Site "Riga"]
[Date "2019.05.05"]
[Round "9"]
[White "Ungurs, Edgars"]
[Black "Avotins, Maigonis"]
[Result "1-0"]
[WhiteElo "2216"]
[BlackElo "1933"]
[PlyCount "65"]
[EventDate "2019.04.29"]
[EventType "swiss"]
[EventRounds "9"]
[EventCountry "LAT"]
[SourceTitle "CBM 190 Extra"]
[Source "ChessBase"]
[SourceDate "2019.07.15"]
[SourceVersion "1"]
[SourceVersionDate "2019.07.15"]
[SourceQuality "1"]

1. d4 Nf6 2. Nf3 g6 3. c4 Bg7 4. Nc3 d5 5. Bg5 c6 6. Bxf6 Bxf6 7. cxd5 cxd5 8. Qb3 e6 9. e3 0-0 10. Be2 Nc6 11. 0-0 b6 12. Rfc1 Bb7 13. Qd1 Rc8 14. Qf1 Qe7 15. Nd2 Rfd8 16. f4 g5 17. g3 gxf4 18. Qxf4 Bg5 19. Qg4 f5 20. Qf3 Nxd4 21. exd4 Bxd2 22. Rd1 Qg5 23. Rxd2 Qxd2 24. Rd1 Qxb2 25. Qe3 Rd7 26. Qxe6+ Kh8 27. Qxd7 Rxc3 28. Qe8+ Kg7 29. Qe7+ Kg6 30. h4 Rxg3+ 31. Kf1 h5 32. Qd6+ Kh7 33. Qxg3 1-0

[Event "LAT-chT"]
[Site "Riga"]
[Date "2017.11.19"]
[Round "5.4"]
[White "Ungurs, Edgars"]
[Black "Mustaps, Matiss"]
[Result "1/2-1/2"]
[WhiteElo "2214"]
[BlackElo "2311"]
[PlyCount "147"]
[EventDate "2017.11.17"]
[EventType "team-swiss"]
[EventRounds "7"]
[EventCountry "LAT"]
[SourceTitle "CBM 181 Extra"]
[Source "ChessBase"]
[SourceDate "2017.12.12"]
[SourceVersion "1"]
[SourceVersionDate "2017.12.12"]
[SourceQuality "1"]
[WhiteTeam "Chess 24/7"]
[BlackTeam "Ventspils"]
[WhiteTeamCountry "LAT"]
[BlackTeamCountry "LAT"]

1. c4 Nf6 2. g3 g6 3. Bg2 Bg7 4. Nc3 0-0 5. e4 d6 6. Nge2 c5 7. 0-0 Nc6 8. d3 a6 9. h3 Rb8 10. Be3 b5 11. cxb5 axb5 12. d4 cxd4 13. Nxd4 Nxd4 14. Bxd4 e5 15. Ba7 Rb7 16. Be3 Be6 17. Rc1 Qd7 18. Kh2 Ra8 19. b3 Rbb8 20. Qd2 Qe7 21. Rfd1 Bf8 22. Rc2 b4 23. Na4 Qb7 24. Qc1 Rc8 25. Nb6 Rxc2 26. Qxc2 Ra6 27. Nd5 Nxd5 28. exd5 Bf5 29. Qd2 Ra8 30. Rc1 Bd7 31. Rc4 Rb8 32. Qc1 Qa8 33. Rc7 Rb7 34. Rxb7 Qxb7 35. Qc4 Be8 36. Bf1 f5 37. Qa6 Qf7 38. Qc4 Qb7 39. Qa6 Qf7 40. Bd2 f4 41. gxf4 Bh6 42. Qxd6 Bxf4+ 43. Bxf4 Qxf4+ 44. Kg1 Qg5+ 45. Kh1 Qc1 46. Kg1 Qg5+ 47. Kh1 Qc1 48. Qa6 Bf7 49. Qd3 Qc5 50. d6 Bd5+ 51. Kg1 Kf8 52. d7 Ke7 53. Qg3 Bf7 54. Qh4+ Kxd7 55. Qxh7 Ke8 56. Qh8+ Ke7 57. Qg7 Ke8 58. Qf6 e4 59. Qf4 Qd4 60. Bb5+ Ke7 61. Kg2 Be6 62. h4 Bf7 63. Qe3 Qxe3 64. fxe3 Kf6 65. Kg3 g5 66. Bc6 Bg6 67. Bb7 Bf5 68. h5 Kg7 69. Bc6 Kh6 70. Be8 Kg7 71. Bb5 Kh6 72. Be2 Kg7 73. Bd1 Kh7 74. Be2 1/2-1/2

[Event "Chigorin Memorial 24th"]
[Site "St Petersburg"]
[Date "2016.10.19"]
[Round "5"]
[White "Ungurs, Edgars"]
[Black "Idani, Pouya"]
[Result "1/2-1/2"]
[WhiteElo "2140"]
[BlackElo "2551"]
[PlyCount "108"]
[EventDate "2016.10.15"]
[EventType "swiss"]
[EventRounds "9"]
[EventCountry "RUS"]
[SourceTitle "CBM 175 Extra"]
[Source "ChessBase"]
[SourceDate "2016.12.12"]
[SourceVersion "1"]
[SourceVersionDate "2016.12.12"]
[SourceQuality "1"]

1. e4 c5 2. Nf3 d6 3. Bb5+ Bd7 4. Bxd7+ Qxd7 5. 0-0 Nf6 6. Qe2 Nc6 7. Rd1 g5 8. c3 g4 9. Nh4 Qe6 10. d3 c4 11. d4 Qxe4 12. Qxc4 e6 13. Nd2 Qd5 14. Qe2 Be7 15. g3 h5 16. Ng2 Qf5 17. b4 d5 18. b5 Na5 19. Ne3 Qh7 20. c4 Rd8 21. cxd5 Nxd5 22. Nxd5 Rxd5 23. Ne4 Qf5 24. Bf4 0-0 25. Rac1 f6 26. Rc7 Rf7 27. Nc3 Rd8 28. d5 e5 29. Be3 Bb4 30. Rxf7 Kxf7 31. Qb2 Bxc3 32. Qxc3 b6 33. Qc7+ Qd7 34. Qc2 Kg7 35. a4 Rc8 36. Qa2 Nc4 37. Bc1 Qf5 38. Qe2 h4 39. gxh4 e4 40. Bb2 Nd6 41. Ba3 Nf7 42. Bb2 Rd8 43. Re1 Re8 44. Rc1 Kg6 45. Rc6 Ne5 46. Bxe5 Rxe5 47. d6 Qf3 48. Qxf3 gxf3 49. h3 Rd5 50. Kh2 Kf5 51. h5 Kg5 52. Kg3 f5 53. h4+ Kxh5 54. Rc7 Rxd6 1/2-1/2

[Event "Chigorin Memorial 24th"]
[Site "St Petersburg"]
[Date "2016.10.18"]
[Round "4"]
[White "Sutormin, Danila"]
[Black "Ungurs, Edgars"]
[Result "1-0"]
[WhiteElo "2363"]
[BlackElo "2140"]
[PlyCount "55"]
[EventDate "2016.10.15"]
[EventType "swiss"]
[EventRounds "9"]
[EventCountry "RUS"]
[SourceTitle "CBM 175 Extra"]
[Source "ChessBase"]
[SourceDate "2016.12.12"]
[SourceVersion "1"]
[SourceVersionDate "2016.12.12"]
[SourceQuality "1"]

1. e4 d5 2. exd5 Qxd5 3. Nc3 Qd6 4. d4 Nf6 5. Bd3 c6 6. Nge2 Bg4 7. f3 Bh5 8. Bf4 Qd8 9. Qd2 e6 10. 0-0-0 Bd6 11. Be5 Bg6 12. Nf4 Bxd3 13. Nxd3 0-0 14. h4 b5 15. h5 Nd5 16. Ne4 Be7 17. g4 Nd7 18. g5 N7b6 19. g6 Nc4 20. h6 fxg6 21. Qh2 Rf5 22. hxg7 Rh5 23. Qg3 Rxh1 24. Rxh1 Nce3 25. Qh3 h5 26. Qxe6+ Kh7 27. Qf7 Kh6 28. Nf4 1-0

[Event "Chigorin Memorial 24th"]
[Site "St Petersburg"]
[Date "2016.10.15"]
[Round "1"]
[White "Ungurs, Edgars"]
[Black "Khalifman, Alexander"]
[Result "0-1"]
[WhiteElo "2140"]
[BlackElo "2617"]
[PlyCount "72"]
[EventDate "2016.10.15"]
[EventType "swiss"]
[EventRounds "9"]
[EventCountry "RUS"]
[SourceTitle "CBM 175 Extra"]
[Source "ChessBase"]
[SourceDate "2016.12.12"]
[SourceVersion "1"]
[SourceVersionDate "2016.12.12"]
[SourceQuality "1"]

1. e4 g6 2. d4 Bg7 3. c3 d6 4. Bd3 Nf6 5. Nf3 0-0 6. 0-0 c5 7. dxc5 dxc5 8. a4 Nc6 9. Na3 Be6 10. Ng5 Bg4 11. f3 Bc8 12. f4 e5 13. f5 h6 14. Nh3 gxf5 15. exf5 e4 16. Be2 Qxd1 17. Bxd1 Ne5 18. Be2 b6 19. Nf4 Re8 20. Nb5 Rd8 21. a5 Bb7 22. axb6 axb6 23. Rxa8 Bxa8 24. Nh5 Nxh5 25. Bxh5 Bc6 26. Na7 Be8 27. f6 Bf8 28. Bf4 Nd3 29. Bc7 Ra8 30. Bxb6 Rb8 31. Ba5 c4 32. Bb4 Nxb4 33. cxb4 Rxb4 34. Nc8 Bc5+ 35. Kh1 Rxb2 36. h3 c3 0-1

[Event "Pardubice Czech op-B 26th"]
[Site "Pardubice"]
[Date "2015.07.29"]
[Round "6"]
[White "Ungurs, Edgars"]
[Black "Pribyl, Josef"]
[Result "0-1"]
[WhiteElo "2089"]
[BlackElo "2274"]
[PlyCount "124"]
[EventDate "2015.07.24"]
[EventType "swiss"]
[EventRounds "9"]
[EventCountry "CZE"]
[SourceTitle "EXT 2017"]
[Source "ChessBase"]
[SourceDate "2016.10.25"]
[SourceVersion "1"]
[SourceVersionDate "2016.10.25"]
[SourceQuality "1"]

1. e4 d6 2. d4 Nf6 3. Nc3 e5 4. dxe5 dxe5 5. Qxd8+ Kxd8 6. Bg5 Be7 7. 0-0-0+ Nfd7 8. Nf3 c6 9. Bxe7+ Kxe7 10. a4 a5 11. Nd2 Nb6 12. Nb3 N8d7 13. Be2 Nf6 14. Rd2 Rd8 15. Rhd1 Rxd2 16. Rxd2 Nbd7 17. f3 Ne8 18. Nd1 Nd6 19. Ne3 g6 20. c4 b6 21. c5 bxc5 22. Nxa5 Rxa5 23. Rxd6 Kxd6 24. Nc4+ Kc7 25. Nxa5 Nb6 26. b3 Be6 27. Kc2 f5 28. Kc3 fxe4 29. fxe4 Nc8 30. Bc4 Bg4 31. Bg8 Nd6 32. Kd3 h6 33. h3 Bc8 34. Nc4 Ba6 35. Be6 Bxc4+ 36. Bxc4 Kb6 37. Bg8 Ka5 38. Bh7 Kb4 39. Bg8 c4+ 40. bxc4 c5 41. Bd5 Kxa4 42. Kc3 Ka3 43. h4 g5 44. hxg5 hxg5 45. g3 Ne8 46. Kd3 Kb4 47. Ke3 Kc3 48. Kf3 Nf6 49. Ke3 Kc2 50. Ke2 Kb3 51. Kf3 Kb4 52. Ke2 Kc3 53. Ke3 g4 54. Be6 Kb2 55. Bf5 Kc2 56. Be6 Kd1 57. Bxg4+ Nxg4+ 58. Kf3 Nf6 59. g4 Nh7 60. g5 Nxg5+ 61. Kg4 Nf7 62. Kf5 Ke2 0-1

[Event "Plunge op"]
[Site "Plateliai"]
[Date "2000.??.??"]
[Round "2"]
[White "Ungurs, Edgars"]
[Black "Jocys, Dalius"]
[Result "1/2-1/2"]
[WhiteElo "2063"]
[BlackElo "2217"]
[PlyCount "51"]
[EventDate "2000.07.??"]
[EventType "swiss"]
[EventRounds "9"]
[EventCountry "LTU"]
[SourceTitle "EXT 2005"]
[Source "ChessBase"]
[SourceDate "2004.11.15"]
[SourceVersion "1"]
[SourceVersionDate "2004.11.15"]
[SourceQuality "1"]

1. e4 e6 2. d4 d5 3. Nc3 dxe4 4. Nxe4 Nd7 5. Nf3 Ngf6 6. Bg5 Be7 7. Bxf6 Nxf6 8. Bd3 0-0 9. Qe2 Qd5 10. 0-0 Rd8 11. Rfd1 Nxe4 12. Qxe4 Qxe4 13. Bxe4 a5 14. Rd2 c5 15. dxc5 Rxd2 16. Nxd2 Bxc5 17. Nb3 Be7 18. Rd1 Kf8 19. g3 a4 20. Nd4 Ra5 21. c4 Rc5 22. b3 axb3 23. axb3 Ra5 24. Nb5 b6 25. Nd6 Rc5 26. Nxc8 1/2-1/2

[Event "Plunge op"]
[Site "Plateliai"]
[Date "1999.??.??"]
[Round "5"]
[White "Ungurs, Edgars"]
[Black "Sarakauskiene, Zivile"]
[Result "1/2-1/2"]
[WhiteElo "2061"]
[BlackElo "2113"]
[PlyCount "50"]
[EventDate "1999.07.13"]
[EventType "swiss"]
[EventRounds "9"]
[EventCountry "LTU"]
[SourceTitle "EXT 2005"]
[Source "ChessBase"]
[SourceDate "2004.11.15"]
[SourceVersion "1"]
[SourceVersionDate "2004.11.15"]
[SourceQuality "1"]

1. e4 d5 2. exd5 Nf6 3. d4 Nxd5 4. Nf3 g6 5. Be2 Bg7 6. 0-0 0-0 7. c4 Nb6 8. Nc3 Nc6 9. d5 Ne5 10. c5 Nxf3+ 11. Bxf3 Nd7 12. Be3 e5 13. dxe6 fxe6 14. c6 bxc6 15. Bxc6 Rb8 16. Qe2 Ne5 17. Be4 Bb7 18. Bxb7 Rxb7 19. Rab1 Qd3 20. Rfd1 Qxe2 21. Nxe2 Nc4 22. Bc5 Rf5 23. Rd8+ Kf7 24. Rd7+ Kg8 25. Rd8+ Kf7 1/2-1/2

[Event "EU-ch U14"]
[Site "Mureck"]
[Date "1998.??.??"]
[Round "7"]
[White "Jakab, Attila"]
[Black "Ungurs, Edgars"]
[Result "1-0"]
[WhiteElo "2245"]
[BlackElo "2055"]
[PlyCount "49"]
[EventDate "1998.07.08"]
[EventType "swiss"]
[EventRounds "9"]
[EventCountry "AUT"]
[SourceTitle "CBM 065 Extra"]
[Source "ChessBase"]
[SourceDate "1998.09.09"]
[SourceVersion "1"]
[SourceVersionDate "1998.09.09"]
[SourceQuality "1"]

1. d4 Nf6 2. c4 g6 3. Nc3 Bg7 4. e4 d6 5. Nge2 0-0 6. Ng3 e5 7. d5 c6 8. Be2 a5 9. h4 Na6 10. h5 Nc5 11. h6 Bh8 12. Bg5 Re8 13. 0-0 Qc7 14. Qd2 cxd5 15. cxd5 Bd7 16. f4 Qb6 17. Kh2 Ng4+ 18. Kh1 Na6 19. f5 gxf5 20. Bxg4 fxg4 21. Bh4 f6 22. Rxf6 Bxf6 23. Bxf6 Kf7 24. Rf1 Rg8 25. Bd8+ 1-0

[Event "EU-ch U14"]
[Site "Mureck"]
[Date "1998.??.??"]
[Round "5"]
[White "Ungurs, Edgars"]
[Black "Flumbort, Andras"]
[Result "1-0"]
[WhiteElo "2055"]
[BlackElo "2245"]
[PlyCount "93"]
[EventDate "1998.07.08"]
[EventType "swiss"]
[EventRounds "9"]
[EventCountry "AUT"]
[SourceTitle "CBM 065 Extra"]
[Source "ChessBase"]
[SourceDate "1998.09.09"]
[SourceVersion "1"]
[SourceVersionDate "1998.09.09"]
[SourceQuality "1"]

1. e4 c5 2. Nf3 d6 3. d4 cxd4 4. Nxd4 Nf6 5. Nc3 a6 6. Rg1 b5 7. g4 Bb7 8. Bd3 e5 9. Nf5 d5 10. exd5 Nxd5 11. Be4 Nxc3 12. Qxd8+ Kxd8 13. Bxb7 Ra7 14. Bf3 Na4 15. Be3 Rd7 16. b3 Nc5 17. Rd1 g6 18. Bg5+ Kc8 19. Bf6 Rg8 20. Rxd7 Nbxd7 21. Ne7+ Bxe7 22. Bxe7 Re8 23. Bg5 e4 24. Be2 Ne6 25. Be3 Ne5 26. a4 bxa4 27. bxa4 Kc7 28. a5 Kc6 29. Kd2 f5 30. gxf5 gxf5 31. Rb1 f4 32. Bb6 Ra8 33. Rb4 Ng5 34. Kc3 Kd5 35. Rd4+ Ke6 36. h4 Ngf3 37. Rxe4 Kf5 38. Ra4 Nxh4 39. Rd4 Nhg6 40. Rd8 Rxd8 41. Bxd8 Nc6 42. Bb6 Nge5 43. Bxa6 h5 44. Bc8+ Ke4 45. a6 Kf3 46. Bb7 Ke2 47. Bc7 1-0

[Event "EU-ch U14"]
[Site "Mureck"]
[Date "1998.??.??"]
[Round "6"]
[White "Ungurs, Edgars"]
[Black "Izoria, Zviad"]
[Result "0-1"]
[WhiteElo "2055"]
[BlackElo "2250"]
[PlyCount "63"]
[EventDate "1998.07.08"]
[EventType "swiss"]
[EventRounds "9"]
[EventCountry "AUT"]
[SourceTitle "CBM 065 Extra"]
[Source "ChessBase"]
[SourceDate "1998.09.09"]
[SourceVersion "1"]
[SourceVersionDate "1998.09.09"]
[SourceQuality "1"]

1. e4 c6 2. d4 d5 3. e5 Bf5 4. Nf3 e6 5. Be2 Nd7 6. Be3 h6 7. 0-0 Ne7 8. b3 Bg6 9. c4 Nf5 10. a3 Be7 11. Qd2 Qb6 12. b4 dxc4 13. Bxc4 a5 14. bxa5 Qxa5 15. Qb2 b5 16. Bb3 0-0 17. h3 c5 18. Bd2 Qb6 19. d5 c4 20. dxe6 fxe6 21. Bc2 Bh5 22. Be4 Rad8 23. Kh1 Nc5 24. Bxf5 Rxf5 25. Be3 Bxf3 26. gxf3 Qc6 27. Qe2 Nd3 28. Nc3 Nxe5 29. Ne4 Nxf3 30. Bc1 Rd4 31. Nc3 Re5 32. Qc2 0-1